عرض عادي
عرض مارك
- Thomas, George
مدخل إسم شخص
001 - رقم الضبط
- حقل الضبط: 34154
003 - معرف رقم الضبط
- حقل الضبط: OSt
005 - تاريخ ووقت أخر عملية
- حقل الضبط: 20130313133400.0
008 - عناصر بيانات ثابتة الطول
- حقل تحكم ثابت الطول: 130313|||a|||||| | ||| d
040 ## - مصدر الفهرسة
- هيئة الفهرسة الأصلية: OSt
- وكالة الكتابة: OSt
100 ## - مدخل -- أسم شخص
- إسم شخص: Thomas, George
670 ## - بيانات المصدر موجوده
- الاستشهاد بالمصدر: Work cat.: (OSt): Thomas, George, Thomas' calculus :, 2010
